Allegro ma non troppo
Guardat en:
| Autor principal: | |
|---|---|
| Format: | Llibre |
| Idioma: | espanyol |
| Publicat: |
Barcelona
Crítica
2001
|
| Edició: | 1a. ed |
| Col·lecció: | Biblioteca de Bolsillo, 72
|
| Matèries: | |
| Etiquetes: |
Afegir etiqueta
Sense etiquetes, Sigues el primer a etiquetar aquest registre!
|
MARC
| LEADER | 00000nam a2200000 a 4500 | ||
|---|---|---|---|
| 001 | UCL7085 | ||
| 003 | CL-VaPUC | ||
| 008 | 040430e20010000SP |||||||||||||||||spa|d | ||
| 020 | |a 8484322270 | ||
| 082 | 0 | 4 | |a 330.09 |b CIP |2 21 |
| 100 | 0 | |a Cipolla, Carlo M |e author |9 484849 | |
| 245 | 1 | 0 | |a Allegro ma non troppo |
| 250 | |a 1a. ed | ||
| 300 | |a 87 p | ||
| 942 | |c BK | ||
| 945 | |d 20040430 00:00:00 |a cmena | ||
| 260 | |a Barcelona |b Crítica |c 2001 | ||
| 650 | 0 | |a Historia económica |9 307218 | |
| 650 | 0 | |a Desarrollo económico y social |9 256320 | |
| 583 | |a last modification |c 20040430 00:00:00 |k Rodrigo Vera | ||
| 490 | 0 | |a Biblioteca de Bolsillo, 72 | |
| 999 | |c 308946 |d 308944 | ||
| 952 | |0 0 |1 0 |4 0 |6 330_090000000000000_CIP_2001 |7 0 |8 A |9 375949 |a BIBHIS |b BIBHIS |d 2019-11-21 |i 4010973 |o 330.09 CIP 2001 |p 4010973 |r 2025-01-20 |w 2019-11-21 |y BK |k HIS | ||